000 03126nam a2200325 a 4500
003 OSt
005 20250805102704.0
007 cr ||||||a|a|a
008 250626s2025 mx a|||fom||| 001 0 spa d
040 _erda
100 1 _aBalbuena Carrasco, Soledad
_9190522
245 1 0 _aDiversidad de hongos comestibles silvestres de importancia biocultural y uso potencial en Piedra Canteada, Tlaxcala/
_cpor Soledad Balbuena Carrasco; director de tesis Olivia Ayala Vásquez; secretario Jesús Pérez Moreno; vocal Ameyali Hernández Hernández; suplente Laura Gómez Tovar; suplente Langen Corlay Chee.
264 1 _aChapingo, México :
_bEl autor,
_c2024.
300 _a1 recurso en línea (78 páginas):
_bcuadros, figuras.
336 _2rdacontent
_atexto
_btxt
337 _2rdamedia
_acomputadora
_bc
338 _2rdacarrier
_arecurso en línea
_bcr
502 _d2024.
_bIAg
_cAgroecología
_gLIC
504 _aIncluye referencias bibliográficas: páginas 65-75.
520 _aEn México se han descrito alrededor de 450 especies de hongos comestibles silvestres (HCS) y 350 especies de hongos medicinales convirtiéndolo en el segundo reservorio a nivel mundial, después de China. El objetivo del trabajo fue documentar las especies de hongos comestibles silvestres de importancia biocultural y potencial, comparar la diversidad alfa y beta en seis tipos de vegetación del Predio Forestal Piedra Canteada, así como describir especies probablemente nuevas para la ciencia. Las recolecciones se realizaron durante los meses de julio a septiembre de 2021 al 2023. Cada ejemplar se caracterizó macro y micro morfológicamente y se utilizaron claves especializadas para su identificación. La diversidad Alfa se estimó con los índices de Shannon Wiener, Simpson y Fisher Alfa mientras que la diversidad Beta se determinó usando el estimador de Chao-Jaccard, los datos fueron analizados con el programa PAST versión 4.02. Como resultado se recolectaron 788 ejemplares pertenecientes a 113 especies de HCS, 62 de ellas de importancia biocultural y 51 especies de uso potencial. La vegetación de Quercus-Pinus presentó mayor diversidad Alfa y para la diversidad beta la mayor similitud se encontró en las vegetaciones de Quercus-Pinus y Pinus-Quercus. Este trabajo reporta 64 especies son nuevos registros para Tlaxcala. Nueve probables especies nuevas para la ciencia: Amanita sp1, Amanita sp2, Floccularia sp1, Strobilomyces sp1, Strobilomyces sp2, Strobilomyces sp3, Strobilomyces sp4, Strobilomyces sp5 y Strobilomyces sp6.
650 4 _9190853
_aHongos comestibles
_xIdentificación
_zTlaxcala
650 4 _aHongos comestibles
_xAspectos socioeconómicos
_9190854
700 1 _aAyala Vásquez, Olivia
_edirector de tesis.
_9190721
700 1 _aPérez Moreno, Jesús
_989869
_esecretario.
700 1 _aHernández Hernández, Ameyali
_954114
_evocal.
700 1 _aGómez Tovar, Laura
_949914
_esuplente.
700 1 _aCorlay Chee, Langen
_esuplente.
_928007
856 _uhttp://10.13.5.2/tesis/tl/1810189-1_BALBUENA_CARRASCO_SOLEDAD.pdf
_zDESCARGAR PDF
942 _2Clasificación Universidad Autónoma Chapingo
_cTD
999 _c220698
_d220698